| 000 | 00375nam a22001577a 4500 | ||
|---|---|---|---|
| 005 | 20250326123155.0 | ||
| 008 | 250326b |||||||| |||| 00| 0 eng d | ||
| 020 | _a071955277x | ||
| 050 |
_aHF1008 _bLOB |
||
| 100 | _aLobley, Derek | ||
| 245 | _aSuccess in commerce | ||
| 250 | _a4th | ||
| 260 |
_aLondon _bJohn MurayLtd. _cc1975 |
||
| 300 | _axii, 291p | ||
| 942 |
_2lcc _cBK _n0 |
||
| 999 |
_c5211 _d5211 |
||